000 00961nam a2200253Ia 4500
003 OSt
005 20220923224656.0
006 a|||||r|||| 00| 0
007 ta
008 220922b |||||||| |||| 00| 0 hin d
024 _a248,729
037 _cTextual
040 _aARTS
_cARTS
_bhin
041 _2hin
_ahin
082 _aO1520m33:g(Delta25), J9
100 _aहिरण्मय
_9156280
245 0 _aहिन्दी और कन्नड़ में भक्ति - आंदोलन का तुलनात्मक अध्ययन
246 _aHindī aur kannaड़ mean bhakti - āandolan kā tulanātmak adhyayana
260 _aआगरा
_b विनोद पुस्तक मन्दिर
_c1959
300 _a390पृ.
_ccm.
650 _aहिन्दी साहित्य
_9156264
942 _hO1520m33:g(Delta25), J9
_cTEXL
_2CC
999 _c372892
_d372892